Sahabenin varlıkla imtihanı: Zengin sahabiler (Record no. 15564)

000 -LEADER
fixed length control field 00926nmm a2200277 a 4500
001 - CONTROL NUMBER
control field ocm0001411629
003 - CONTROL NUMBER IDENTIFIER
control field TR-IsHL
005 - DATE AND TIME OF LATEST TRANSACTION
control field 20201028164249.0
008 - FIXED-LENGTH DATA ELEMENTS--GENERAL INFORMATION
fixed length control field 160220s2013 tu tur
007 - PHYSICAL DESCRIPTION FIXED FIELD--GENERAL INFORMATION
fixed length control field cr cn
020 ## - INTERNATIONAL STANDARD BOOK NUMBER
International Standard Book Number 9786051315119
035 ## - SYSTEM CONTROL NUMBER
System control number 1411629
-- (N$T)
050 04 - LIBRARY OF CONGRESS CALL NUMBER
Classification number BP75.5.
Item number S49 2013
090 04 - LOCALLY ASSIGNED LC-TYPE CALL NUMBER (OCLC); LOCAL CALL NUMBER (RLIN)
Classification number (OCLC) (R) ; Classification number, CALL (RLIN) (NR) BP75.5.
Local cutter number (OCLC) ; Book number/undivided call number, CALL (RLIN) S49 2013
100 1# - MAIN ENTRY--PERSONAL NAME
Personal name Seyyar, Ali
245 10 - TITLE STATEMENT
Title Sahabenin varlıkla imtihanı: Zengin sahabiler
Medium [electronic resource] /
Statement of responsibility, etc. Ali Seyyar
260 ## - PUBLICATION, DISTRIBUTION, ETC.
Place of publication, distribution, etc. İstanbul :
Name of publisher, distributor, etc. Nesil Yayınları,
Date of publication, distribution, etc. 2013
300 ## - PHYSICAL DESCRIPTION
Extent 344 p.
500 ## - GENERAL NOTE
General note Kaynakça var.
International Standard Serial Number (SE) [OBSOLETE]
650 #4 - SUBJECT ADDED ENTRY--TOPICAL TERM
Topical term or geographic name entry element Felsefe, Psikoloji ve Din
650 #4 - SUBJECT ADDED ENTRY--TOPICAL TERM
Topical term or geographic name entry element Philosophy, Psychology and Religion
650 #0 - SUBJECT ADDED ENTRY--TOPICAL TERM
Topical term or geographic name entry element Hz. Muhammed (s.a.v.)
General subdivision Sahabeler
650 #0 - SUBJECT ADDED ENTRY--TOPICAL TERM
Topical term or geographic name entry element Muhammad, Prophet
General subdivision Companions
650 #7 - SUBJECT ADDED ENTRY--TOPICAL TERM
Topical term or geographic name entry element RELIGION / Islam / History
Source of heading or term bisacsh
856 40 - ELECTRONIC LOCATION AND ACCESS
Uniform Resource Identifier <a href="http://search.ebscohost.com/login.aspx?direct=true&scope=site&db=e011xww&AN=1411629">http://search.ebscohost.com/login.aspx?direct=true&scope=site&db=e011xww&AN=1411629</a>
Holdings
Withdrawn status Lost status Source of classification or shelving scheme Damaged status Not for loan Collection code Permanent Location Current Location Date acquired Total Checkouts Full call number Barcode Date last seen Price effective from Koha item type
        Online   Kıbrıs Amerikan Üniversitesi Kütüphanesi / American University of Cyprus Kıbrıs Amerikan Üniversitesi Kütüphanesi / American University of Cyprus 28.10.2020   BP75.5. S49 2013 1411629 28.10.2020 28.10.2020 E-Kitap
Devinim Yazılım Eğitim Danışmanlık tarafından Koha'nın orjinal sürümü uyarlanarak geliştirilip kurulmuştur.